| 000 | 00840nam a22002055i 4500 | ||
|---|---|---|---|
| 001 | 160890 | ||
| 003 | ES-MaACL | ||
| 005 | 20250812043350.0 | ||
| 008 | 000808s1872 fr |||| | fre d | ||
| 245 | 0 | 0 |
_aOeuvres d'art en photographie : _bl'Espagne et le Portugal au point de vue artistique, monumental et pittoresque : catalogue / _cpublié par J. Laurent. |
| 260 |
_aParis : _b[s.n.], _c1872 ( _fImp. Centrale des Chemins de Fer) |
||
| 300 |
_a184 p. ; _c27 cm. |
||
| 650 | 4 |
_aMonumentos- _zEspaña. _915179 |
|
| 650 | 7 |
_aArte español _2embne _910189 |
|
| 650 | 4 |
_aMonumentos- _zPortugal. _9136539 |
|
| 650 | 7 |
_aArte portugués _2embne _9164451 |
|
| 700 | 1 |
_aLaurent, J., _d1816-1886 _9147296 |
|
| 852 | 4 |
_aES-MaACL _jT-704-F-3 _z- Enc. hol., falto de cub. original _z- Enc. en un vol. facticio |
|
| 999 |
_c160890 _d160890 |
||